[Event "Budapest-chT1 Lilienthal 1112"]
[Site "Budapest"]
[Date "2011.12.04"]
[Round "4"]
[White "Hoang, Tri"]
[Black "Juhasz, Mark"]
[Result "0-1"]
[WhiteElo "2142"]
[BlackElo "2193"]
[PlyCount "56"]
[EventDate "2011.10.02"]
[EventType "team-tourn"]
[EventRounds "11"]
[EventCountry "HUN"]
[SourceTitle "EXT 2020"]
[Source "ChessBase"]
[SourceDate "2019.10.17"]
[SourceVersion "1"]
[SourceVersionDate "2019.10.17"]
[SourceQuality "1"]
[WhiteTeam "Barcza GSC"]
[BlackTeam "Budapest Ujpest KSE"]
[WhiteTeamCountry "HUN"]
[BlackTeamCountry "HUN"]

1. d4 Nf6 2. Bg5 e6 3. e4 c5 4. e5 h6 5. Bxf6 gxf6 6. Nf3 cxd4 7. Qxd4 Nc6 8. Qe3 fxe5 9. Nc3 Qa5 10. Be2 Bc5 11. Qd2 d5 12. 0-0 e4 13. Ne1 Qd8 14. Rd1 Qg5 15. Nb5 Qxd2 16. Rxd2 Ke7 17. c4 d4 18. Kh1 a6 19. Na3 e5 20. Nb1 Be6 21. b3 Rad8 22. Bh5 Rhg8 23. h3 f5 24. Nc2 Rg5 25. Bd1 Rdg8 26. g3 e3 27. h4 R5g7 28. fxe3 dxe3 0-1

[Event "Budapest-chT1 Lilienthal 1011"]
[Site "Budapest"]
[Date "2011.02.27"]
[Round "9"]
[White "Por, Attila"]
[Black "Hoang, Tri"]
[Result "0-1"]
[WhiteElo "2030"]
[BlackElo "2171"]
[PlyCount "64"]
[EventDate "2010.09.19"]
[EventType "team-tourn"]
[EventRounds "11"]
[EventCountry "HUN"]
[SourceTitle "EXT 2020"]
[Source "ChessBase"]
[SourceDate "2019.10.17"]
[SourceVersion "1"]
[SourceVersionDate "2019.10.17"]
[SourceQuality "1"]
[WhiteTeam "Taban Spartacus II"]
[BlackTeam "Barcza GSC"]
[WhiteTeamCountry "HUN"]
[BlackTeamCountry "HUN"]

1. e4 b6 2. d4 Bb7 3. Bd3 Nf6 4. Qe2 e6 5. f4 c5 6. d5 exd5 7. exd5+ Qe7 8. c4 Na6 9. Nc3 Nb4 10. Bb1 g6 11. Nb5 Kd8 12. a3 Na6 13. Nf3 Qxe2+ 14. Kxe2 Nc7 15. Nc3 Bg7 16. Ne5 Rf8 17. Re1 d6 18. Nf3 b5 19. cxb5 Nfxd5 20. Ne4 Kd7 21. Bd3 Rae8 22. Kf1 f5 23. Nf2 Nb6 24. a4 Bxf3 25. gxf3 Rxe1+ 26. Kxe1 c4 27. Be2 c3 28. b3 Nbd5 29. Kf1 Ne6 30. Nd3 Nd4 31. Ba3 Nxb3 32. Rb1 Nd2+ 0-1

[Event "Budapest-chT1 Lilienthal 1011"]
[Site "Budapest"]
[Date "2010.12.12"]
[Round "6"]
[White "Feher, Attila"]
[Black "Hoang, Tri"]
[Result "1/2-1/2"]
[WhiteElo "2161"]
[BlackElo "2171"]
[PlyCount "21"]
[EventDate "2010.09.19"]
[EventType "team-tourn"]
[EventRounds "11"]
[EventCountry "HUN"]
[SourceTitle "EXT 2020"]
[Source "ChessBase"]
[SourceDate "2019.10.17"]
[SourceVersion "1"]
[SourceVersionDate "2019.10.17"]
[SourceQuality "1"]
[WhiteTeam "Budapest HUSI II"]
[BlackTeam "Barcza GSC"]
[WhiteTeamCountry "HUN"]
[BlackTeamCountry "HUN"]

1. d4 b6 2. e4 Bb7 3. Nc3 e6 4. a3 Nf6 5. Bd3 Be7 6. Qe2 d6 7. g4 Nbd7 8. g5 Ng8 9. Nf3 e5 10. d5 c6 11. Ba6 1/2-1/2

[Event "Budapest-chT1 Lilienthal 1011"]
[Site "Budapest"]
[Date "2010.10.03"]
[Round "2"]
[White "Hoang, Tri"]
[Black "Molnar, Jozsef"]
[Result "1/2-1/2"]
[WhiteElo "2171"]
[BlackElo "2159"]
[PlyCount "52"]
[EventDate "2010.09.19"]
[EventType "team-tourn"]
[EventRounds "11"]
[EventCountry "HUN"]
[SourceTitle "EXT 2020"]
[Source "ChessBase"]
[SourceDate "2019.10.17"]
[SourceVersion "1"]
[SourceVersionDate "2019.10.17"]
[SourceQuality "1"]
[WhiteTeam "Barcza GSC"]
[BlackTeam "Budapest EAC III"]
[WhiteTeamCountry "HUN"]
[BlackTeamCountry "HUN"]

1. d4 d5 2. Bg5 c6 3. Nf3 Bf5 4. e3 Qb6 5. b3 Nf6 6. Bxf6 exf6 7. Bd3 Bg4 8. 0-0 Bd6 9. Nbd2 Bb4 10. c4 Qa5 11. Qc2 Nd7 12. a3 Be7 13. b4 Qb6 14. cxd5 cxd5 15. Nh4 g6 16. h3 Be6 17. Rfc1 f5 18. Nhf3 Qd6 19. Qc7 Rb8 20. Nb3 Qxc7 21. Rxc7 Bd6 22. Rc2 b6 23. Rac1 h6 24. Bb5 Ke7 25. Bxd7 Kxd7 26. Ne5+ Bxe5 1/2-1/2

[Event "Budapest-chT1 Lilienthal 1011"]
[Site "Budapest"]
[Date "2010.09.19"]
[Round "1"]
[White "Mester, Attila"]
[Black "Hoang, Tri"]
[Result "1-0"]
[WhiteElo "2113"]
[BlackElo "2171"]
[PlyCount "55"]
[EventDate "2010.09.19"]
[EventType "team-tourn"]
[EventRounds "11"]
[EventCountry "HUN"]
[SourceTitle "EXT 2020"]
[Source "ChessBase"]
[SourceDate "2019.10.17"]
[SourceVersion "1"]
[SourceVersionDate "2019.10.17"]
[SourceQuality "1"]
[WhiteTeam "Penzugyor III"]
[BlackTeam "Barcza GSC"]
[WhiteTeamCountry "HUN"]
[BlackTeamCountry "HUN"]

1. e4 b6 2. d4 Bb7 3. Bd3 e6 4. Nf3 c5 5. c3 Nf6 6. Qe2 cxd4 7. cxd4 Nc6 8. a3 Be7 9. 0-0 0-0 10. b4 Rc8 11. Bb2 d6 12. Nbd2 Qd7 13. Rad1 Nb8 14. Ne1 Qa4 15. f4 Ba6 16. b5 Bb7 17. Nef3 Nfd7 18. e5 Rfd8 19. exd6 Bf6 20. Ne5 Nf8 21. Ndc4 Bd5 22. Rc1 Bxc4 23. Bxc4 Qa5 24. f5 Rxd6 25. Bxe6 Rxc1 26. Bxf7+ Kh8 27. Rxc1 h6 28. Ng6+ 1-0

[Event "HUN-chT2 Erkel 0910"]
[Site "Hungary"]
[Date "2010.02.28"]
[Round "7.4"]
[White "Hoang, Tri"]
[Black "Szekeres, Tibor"]
[Result "1-0"]
[WhiteElo "2165"]
[BlackElo "2159"]
[PlyCount "59"]
[EventDate "2009.11.08"]
[EventType "team-tourn"]
[EventRounds "11"]
[EventCountry "HUN"]
[SourceTitle "EXT 2011"]
[Source "ChessBase"]
[SourceDate "2010.11.26"]
[SourceVersion "1"]
[SourceVersionDate "2010.11.26"]
[SourceQuality "1"]
[WhiteTeam "Barcza"]
[BlackTeam "Pestszentlorinc"]
[WhiteTeamCountry "HUN"]
[BlackTeamCountry "HUN"]

1. d4 Nf6 2. Bg5 e6 3. Nd2 d5 4. Ngf3 Be7 5. e3 0-0 6. Bd3 b6 7. 0-0 Bb7 8. Ne5 h6 9. Bh4 Nbd7 10. f4 Nxe5 11. fxe5 Ne4 12. Bxe7 Qxe7 13. Bxe4 dxe4 14. c3 Qg5 15. Rf4 f5 16. exf6 Rxf6 17. Rxf6 gxf6 18. Qe2 f5 19. Rf1 a5 20. Rf4 Ba6 21. Qd1 Bd3 22. Qb3 Re8 23. Nf1 Kh7 24. Ng3 Re7 25. Qd1 Kg6 26. d5 Bc4 27. Nxe4 Qh5 28. Qxh5+ Kxh5 29. Ng3+ Kg5 30. Rxc4 1-0

[Event "HUN-chT2 Erkel 0910"]
[Site "Hungary"]
[Date "2009.12.20"]
[Round "4.3"]
[White "Matuska, Miklos"]
[Black "Hoang, Tri"]
[Result "1/2-1/2"]
[WhiteElo "2132"]
[BlackElo "2165"]
[PlyCount "62"]
[EventDate "2009.11.08"]
[EventType "team-tourn"]
[EventRounds "11"]
[EventCountry "HUN"]
[SourceTitle "EXT 2011"]
[Source "ChessBase"]
[SourceDate "2010.11.26"]
[SourceVersion "1"]
[SourceVersionDate "2010.11.26"]
[SourceQuality "1"]
[WhiteTeam "Foti"]
[BlackTeam "Barcza"]
[WhiteTeamCountry "HUN"]
[BlackTeamCountry "HUN"]

1. Nf3 b6 2. g3 Bb7 3. Bg2 e6 4. c4 Nf6 5. b3 Be7 6. Bb2 d6 7. 0-0 Nbd7 8. d4 0-0 9. Nc3 d5 10. Ne5 Bb4 11. Rc1 Bxc3 12. Bxc3 Nxe5 13. dxe5 Ne4 14. Bb2 Re8 15. Qc2 Nc5 16. Rfd1 c6 17. e4 Na6 18. exd5 exd5 19. Qf5 Nc7 20. Be4 g6 21. Qh3 Qc8 22. Bg2 Qxh3 23. Bxh3 Rad8 24. f4 c5 25. Bg2 Ba8 26. cxd5 Bxd5 27. e6 fxe6 28. Bf6 Rd7 29. Be5 Red8 30. Bf6 Re8 31. Be5 Red8 1/2-1/2

[Event "HUN-chT2 Charousek 0809"]
[Site "Hungary"]
[Date "2009.02.22"]
[Round "8"]
[White "Hoang, Tri"]
[Black "Radnetter, Georg"]
[Result "1-0"]
[WhiteElo "2117"]
[BlackElo "2189"]
[PlyCount "83"]
[EventDate "2008.10.26"]
[EventType "team-tourn"]
[EventRounds "11"]
[EventCountry "HUN"]
[SourceTitle "EXT 2010"]
[Source "ChessBase"]
[SourceDate "2010.11.25"]
[SourceVersion "1"]
[SourceVersionDate "2010.11.25"]
[SourceQuality "1"]
[WhiteTeam "Barcza"]
[BlackTeam "Sarvar"]
[WhiteTeamCountry "HUN"]
[BlackTeamCountry "HUN"]

1. d4 Nf6 2. Bg5 Ne4 3. Bf4 c5 4. f3 Nf6 5. dxc5 e5 6. Bxe5 Bxc5 7. Bd4 Qb6 8. Bxc5 Qxc5 9. Nc3 Nc6 10. Qd2 d5 11. 0-0-0 Be6 12. e3 0-0 13. Nge2 Rfd8 14. Nd4 a6 15. g4 b5 16. g5 Ne8 17. h4 Rac8 18. Nxc6 Qxc6 19. Ne2 Nd6 20. Nd4 Qb6 21. h5 Nc4 22. Bxc4 dxc4 23. c3 b4 24. g6 fxg6 25. hxg6 h6 26. Rh5 Rf8 27. Re5 Bd7 28. Rg1 Qd6 29. f4 Rf6 30. Ne2 Qxd2+ 31. Kxd2 Rd6+ 32. Nd4 Rb8 33. Rc5 Re8 34. cxb4 Bb5 35. f5 Rf8 36. Kc3 Re8 37. Rg3 Rb6 38. Rc7 Rf6 39. Ne6 Rxf5 40. Nxg7 Rg5 41. Nxe8 Rxg3 42. Nf6+ 1-0

[Event "HUN-chT2 Maroczy 0708"]
[Site "Hungary"]
[Date "2008.05.18"]
[Round "11"]
[White "Jagicza, Istvan"]
[Black "Hoang, Tri"]
[Result "1/2-1/2"]
[WhiteElo "2191"]
[BlackElo "2094"]
[PlyCount "104"]
[EventDate "2007.10.14"]
[EventType "team"]
[EventRounds "11"]
[EventCountry "HUN"]
[SourceTitle "EXT 2009"]
[Source "ChessBase"]
[SourceDate "2008.11.26"]
[SourceVersion "1"]
[SourceVersionDate "2008.11.26"]
[SourceQuality "1"]
[WhiteTeam "Fuzesabony"]
[BlackTeam "Barcza"]
[WhiteTeamCountry "HUN"]
[BlackTeamCountry "HUN"]

1. d4 b6 2. Nf3 Bb7 3. Bf4 Nf6 4. h3 e6 5. e3 Be7 6. Be2 d6 7. Nbd2 Nbd7 8. 0-0 0-0 9. Bd3 Nd5 10. Bh2 Nb4 11. Be2 c5 12. c3 Nc6 13. Qa4 a6 14. Rad1 b5 15. Qc2 Rc8 16. Ne4 cxd4 17. Nxd6 Bxd6 18. Bxd6 Re8 19. exd4 Nb6 20. Bc5 Nd5 21. Qd2 h6 22. Bd3 Qf6 23. Bd6 Red8 24. Bg3 Nde7 25. Ne5 Nf5 26. Nxc6 Bxc6 27. Be5 Qg6 28. f3 Bd5 29. b3 Qg5 30. Qxg5 hxg5 31. Rc1 f6 32. Bh2 g6 33. Be4 Kf7 34. Kf2 Ne7 35. Rfd1 Rc6 36. Bxd5 Nxd5 37. c4 bxc4 38. bxc4 Nb6 39. c5 Nd5 40. Bd6 Rd7 41. a3 Rb7 42. Rb1 Rd7 43. Rb8 Nc3 44. Re1 Nb5 45. d5 exd5 46. Rh8 Kg7 47. Ree8 Nxd6 48. Rhg8+ Kh6 49. cxd6 Rcxd6 50. Rh8+ Kg7 51. Rhg8+ Kf7 52. Rgf8+ Kg7 1/2-1/2

[Event "HUN-chT2 Maroczy 0708"]
[Site "Hungary"]
[Date "2008.03.16"]
[Round "8"]
[White "Hoang, Tri"]
[Black "Balogh, Laszlo"]
[Result "0-1"]
[WhiteElo "2094"]
[BlackElo "2192"]
[PlyCount "62"]
[EventDate "2007.10.14"]
[EventType "team"]
[EventRounds "11"]
[EventCountry "HUN"]
[SourceTitle "EXT 2009"]
[Source "ChessBase"]
[SourceDate "2008.11.26"]
[SourceVersion "1"]
[SourceVersionDate "2008.11.26"]
[SourceQuality "1"]
[WhiteTeam "Barcza"]
[BlackTeam "Sarospatak"]
[WhiteTeamCountry "HUN"]
[BlackTeamCountry "HUN"]

1. d4 e6 2. Nf3 Nf6 3. Bf4 c5 4. e3 b6 5. c4 Bb7 6. Bd3 cxd4 7. exd4 d5 8. Bxb8 Qxb8 9. cxd5 Nxd5 10. Bb5+ Ke7 11. 0-0 a6 12. Ba4 g6 13. Nc3 Bg7 14. Bb3 Rd8 15. Nxd5+ Bxd5 16. Bxd5 Rxd5 17. Rc1 Qd6 18. Qa4 b5 19. Qa5 Kf8 20. g3 Bxd4 21. Nxd4 Rxd4 22. b3 Rd8 23. Rc7 Rd1 24. Ra7 Rxf1+ 25. Kxf1 Qd3+ 26. Kg2 Qe4+ 27. Kh3 Rd5 28. Ra8+ Kg7 29. Qc3+ Kh6 30. Qc1+ g5 31. f4 g4+ 0-1

[Event "HUN-chT2 Maroczy 0708"]
[Site "Hungary"]
[Date "2007.12.16"]
[Round "5"]
[White "Szabo, Balazs"]
[Black "Hoang, Tri"]
[Result "0-1"]
[WhiteElo "2265"]
[BlackElo "2094"]
[PlyCount "92"]
[EventDate "2007.10.14"]
[EventType "team"]
[EventRounds "11"]
[EventCountry "HUN"]
[SourceTitle "EXT 2009"]
[Source "ChessBase"]
[SourceDate "2008.11.26"]
[SourceVersion "1"]
[SourceVersionDate "2008.11.26"]
[SourceQuality "1"]
[WhiteTeam "Matra"]
[BlackTeam "Barcza"]
[WhiteTeamCountry "HUN"]
[BlackTeamCountry "HUN"]

1. d4 b6 2. e4 Bb7 3. Bd3 e6 4. Qe2 Nf6 5. Nd2 d5 6. e5 Nfd7 7. Ngf3 c5 8. c3 Nc6 9. 0-0 cxd4 10. cxd4 Nb4 11. Bb5 a6 12. Ba4 b5 13. Bb3 Nb6 14. Re1 Nc4 15. a3 Nc6 16. Nf1 Qb6 17. Be3 a5 18. Rac1 Ba6 19. Bxc4 bxc4 20. Ng5 Be7 21. Qh5 Bxg5 22. Qxg5 0-0 23. Ng3 f6 24. exf6 Rxf6 25. Nh5 Rg6 26. Qf4 Rf8 27. Qd6 Rd8 28. Qf4 Rf8 29. Qd6 Rd8 30. Qf4 e5 31. dxe5 d4 32. Bd2 Qxb2 33. e6 Rf8 34. Rb1 Qc2 35. Rbc1 Qd3 36. Qe4 Qxd2 37. Qxc6 Qxf2+ 38. Kh1 d3 39. Rg1 d2 40. Rcd1 Qe2 41. Ng3 Qxe6 42. Qxe6+ Rxe6 43. Rxd2 c3 44. Rc2 Rc8 45. Rgc1 Bd3 46. Rf2 c2 0-1

[Event "HUN-chT2 Charousek 0607"]
[Site "Hungary"]
[Date "2006.12.17"]
[Round "4"]
[White "Katai, David"]
[Black "Hoang, Tri"]
[Result "1-0"]
[WhiteElo "2211"]
[BlackElo "2166"]
[PlyCount "93"]
[EventDate "2006.11.12"]
[EventType "team"]
[EventRounds "11"]
[EventCountry "HUN"]
[SourceTitle "EXT 2008"]
[Source "ChessBase"]
[SourceDate "2007.11.25"]
[SourceVersion "1"]
[SourceVersionDate "2007.11.25"]
[SourceQuality "1"]
[WhiteTeam "Szenna Pack"]
[BlackTeam "Barcza"]
[WhiteTeamCountry "HUN"]
[BlackTeamCountry "HUN"]

1. e4 b6 2. d4 Bb7 3. Bd3 Nf6 4. Nd2 e6 5. Ngf3 c5 6. 0-0 Be7 7. e5 Nd5 8. Ne4 Qc7 9. c3 c4 10. Bc2 h6 11. Ne1 d6 12. exd6 Bxd6 13. Nxd6+ Qxd6 14. Qg4 g5 15. Qe2 Qc6 16. f4 gxf4 17. Bxf4 Nd7 18. Bg3 0-0-0 19. Rxf7 Rdf8 20. Rxf8+ Rxf8 21. Nf3 Nf4 22. Bxf4 Rxf4 23. Re1 Rg4 24. h3 Rg7 25. Be4 Qxe4 26. Qxe4 Bxe4 27. Rxe4 Rg6 28. a4 a6 29. Kf2 Kc7 30. Ne5 Nxe5 31. Rxe5 Kd6 32. g4 Rf6+ 33. Kg2 Rf4 34. Re1 Rf7 35. Kg3 Rb7 36. Kh4 b5 37. Kh5 bxa4 38. Re2 Rf7 39. Kxh6 Rf3 40. h4 a3 41. bxa3 Rxc3 42. g5 Rh3 43. h5 Kd5 44. g6 Rg3 45. g7 Kxd4 46. Rxe6 c3 47. Rc6 1-0

[Event "Budapest FS10 FM-A"]
[Site "Budapest"]
[Date "2006.10.16"]
[Round "10"]
[White "Hoang, Tri"]
[Black "Takemoto, Naoko"]
[Result "1-0"]
[WhiteElo "2166"]
[BlackElo "2030"]
[PlyCount "65"]
[EventDate "2006.10.07"]
[EventType "tourn"]
[EventRounds "13"]
[EventCountry "HUN"]
[SourceTitle "CBM 114 Extra"]
[Source "ChessBase"]
[SourceDate "2006.11.03"]
[SourceVersion "1"]
[SourceVersionDate "2006.11.03"]
[SourceQuality "1"]

1. d4 e6 2. Nf3 d5 3. Bf4 Nf6 4. e3 Be7 5. h3 0-0 6. Bd3 b6 7. 0-0 Ba6 8. c3 Bxd3 9. Qxd3 c5 10. Nbd2 Nc6 11. Rfe1 Bd6 12. Bxd6 Qxd6 13. e4 dxe4 14. Nxe4 Nxe4 15. Rxe4 Rfd8 16. Rh4 g6 17. Qe3 f6 18. Re1 Re8 19. dxc5 Qc7 20. Nd4 e5 21. Nb5 Qd8 22. Nd6 Re7 23. Qf3 Rc7 24. Rd1 Qf8 25. Nb5 Rcc8 26. Nd6 Rc7 27. cxb6 axb6 28. Rc4 Rac8 29. Nxc8 Qxc8 30. Qxf6 Qe8 31. Rd8 Nxd8 32. Rxc7 Ne6 33. Re7 1-0

[Event "Budapest FS10 FM-A"]
[Site "Budapest"]
[Date "2006.10.14"]
[Round "8"]
[White "Hoang, Tri"]
[Black "Mizsei, Janos"]
[Result "0-1"]
[WhiteElo "2166"]
[BlackElo "2144"]
[PlyCount "74"]
[EventDate "2006.10.07"]
[EventType "tourn"]
[EventRounds "13"]
[EventCountry "HUN"]
[SourceTitle "CBM 114 Extra"]
[Source "ChessBase"]
[SourceDate "2006.11.03"]
[SourceVersion "1"]
[SourceVersionDate "2006.11.03"]
[SourceQuality "1"]

1. d4 Nf6 2. Bg5 e6 3. Nd2 d5 4. c3 h6 5. Bh4 c5 6. e3 Nc6 7. Ngf3 Be7 8. dxc5 Bxc5 9. Bb5 a6 10. Bxc6+ bxc6 11. Qa4 Qb6 12. Bxf6 gxf6 13. 0-0 Bd7 14. Qc2 Rb8 15. b3 h5 16. e4 h4 17. c4 d4 18. e5 f5 19. Qd3 Ke7 20. Ne1 Bb4 21. Nc2 Bc3 22. Rab1 c5 23. Nf3 Bc6 24. Ng5 Qb7 25. f3 Qc7 26. f4 Qb7 27. Rf2 Be4 28. Nxe4 fxe4 29. Qh3 e3 30. Rf3 Qe4 31. Rc1 Bd2 32. Rcf1 Qxc2 33. f5 e2 34. fxe6 exf1Q+ 35. Rxf1 Be3+ 36. Kh1 fxe6 37. Qg4 Rbg8 0-1

[Event "Budapest FS08 FM-A"]
[Site "Budapest"]
[Date "2006.08.15"]
[Round "11"]
[White "Csapo, Zoltan"]
[Black "Hoang, Tri"]
[Result "1-0"]
[WhiteElo "2210"]
[BlackElo "2147"]
[PlyCount "63"]
[EventDate "2006.08.05"]
[EventType "tourn"]
[EventRounds "13"]
[EventCountry "HUN"]
[SourceTitle "CBM 113 Extra"]
[Source "ChessBase"]
[SourceDate "2006.09.14"]
[SourceVersion "1"]
[SourceVersionDate "2006.09.14"]
[SourceQuality "1"]

1. e4 e5 2. Nf3 Nf6 3. Nxe5 d6 4. Nc4 Nxe4 5. Qe2 Qe7 6. Ne3 Be6 7. g3 c6 8. Bg2 Nf6 9. 0-0 Nbd7 10. Nc3 d5 11. d4 0-0-0 12. Rb1 Ne4 13. Nxe4 dxe4 14. Bxe4 Bxa2 15. Nf5 Qe6 16. Ra1 Bc4 17. Qf3 Bxf1 18. d5 cxd5 19. Bxd5 Qb6 20. Kxf1 Ne5 21. Qe4 Bc5 22. c4 f6 23. b4 Bxf2 24. c5 Qb5+ 25. Kxf2 Rhe8 26. Kg1 Qd3 27. Nd6+ Rxd6 28. cxd6 Nf3+ 29. Qxf3 Qd4+ 30. Kg2 Qxa1 31. Qf5+ Kd8 32. Qc2 1-0

[Event "Budapest FS08 FM-A"]
[Site "Budapest"]
[Date "2006.08.13"]
[Round "9"]
[White "Hoang, Tri"]
[Black "Bolvary, Tamara"]
[Result "1-0"]
[WhiteElo "2147"]
[BlackElo "2104"]
[PlyCount "79"]
[EventDate "2006.08.05"]
[EventType "tourn"]
[EventRounds "13"]
[EventCountry "HUN"]
[SourceTitle "CBM 113 Extra"]
[Source "ChessBase"]
[SourceDate "2006.09.14"]
[SourceVersion "1"]
[SourceVersionDate "2006.09.14"]
[SourceQuality "1"]

1. d4 d5 2. Bg5 Nf6 3. Bxf6 exf6 4. e3 Bd6 5. Nf3 c6 6. Bd3 f5 7. 0-0 Be6 8. b3 0-0 9. c4 Nd7 10. Qc2 g6 11. Nc3 Nf6 12. c5 Bc7 13. b4 Ne4 14. b5 g5 15. Rab1 Ba5 16. Ne2 g4 17. Bxe4 fxe4 18. Nd2 f5 19. Nf4 Bd7 20. bxc6 bxc6 21. Rb2 Rf6 22. Rfb1 Bc7 23. Qa4 Rh6 24. g3 Bc8 25. Kg2 a5 26. Rh1 Bxf4 27. exf4 Ba6 28. Qd1 Qe8 29. Nf1 Bd3 30. Ne3 Qc8 31. Rb6 a4 32. Nxd5 Qd8 33. Ne3 Rf6 34. Qa1 Be2 35. Rhb1 Bf3+ 36. Kg1 Qf8 37. d5 Rc8 38. Qe5 Qh6 39. h4 gxh3 40. Kh2 1-0

[Event "Budapest FS08 FM-A"]
[Site "Budapest"]
[Date "2006.08.11"]
[Round "7"]
[White "Hoang, Tri"]
[Black "Juhasz, Mark"]
[Result "1-0"]
[WhiteElo "2147"]
[BlackElo "2169"]
[PlyCount "75"]
[EventDate "2006.08.05"]
[EventType "tourn"]
[EventRounds "13"]
[EventCountry "HUN"]
[SourceTitle "CBM 113 Extra"]
[Source "ChessBase"]
[SourceDate "2006.09.14"]
[SourceVersion "1"]
[SourceVersionDate "2006.09.14"]
[SourceQuality "1"]

1. d4 Nf6 2. Bg5 Ne4 3. Bf4 c5 4. f3 Qa5+ 5. c3 Nf6 6. Nd2 cxd4 7. Nb3 Qb6 8. Qxd4 Nc6 9. Qxb6 axb6 10. e4 d5 11. Be3 e5 12. Bxb6 dxe4 13. Bc4 Be7 14. a3 0-0 15. 0-0-0 Bd8 16. Bxd8 Nxd8 17. Re1 Be6 18. Nd2 Rc8 19. Bb5 Nc6 20. Bxc6 Rxc6 21. Nxe4 Nxe4 22. Rxe4 Rd8 23. Rxe5 Bb3 24. Ne2 f6 25. Re3 b5 26. Kb1 Rb6 27. Nd4 Bc4 28. Rhe1 Kf8 29. Kc2 Rbd6 30. Kd2 R8d7 31. Ra1 h5 32. Ke1 Kf7 33. Kf2 Rb6 34. Rae1 g5 35. Re8 h4 36. Rc8 Kg7 37. Rc5 Rb8 38. a4 1-0

[Event "Budapest FS08 FM-A"]
[Site "Budapest"]
[Date "2006.08.09"]
[Round "5"]
[White "Hoang, Tri"]
[Black "Mizsei, Janos"]
[Result "0-1"]
[WhiteElo "2147"]
[BlackElo "2131"]
[PlyCount "74"]
[EventDate "2006.08.05"]
[EventType "tourn"]
[EventRounds "13"]
[EventCountry "HUN"]
[SourceTitle "CBM 113 Extra"]
[Source "ChessBase"]
[SourceDate "2006.09.14"]
[SourceVersion "1"]
[SourceVersionDate "2006.09.14"]
[SourceQuality "1"]

1. d4 Nf6 2. Bg5 e6 3. e4 h6 4. Bxf6 Qxf6 5. Nc3 Bb4 6. Qd3 0-0 7. Nf3 d5 8. e5 Qe7 9. a3 Bxc3+ 10. Qxc3 b6 11. 0-0-0 Ba6 12. Bxa6 Nxa6 13. Qd3 Nb8 14. h4 Nd7 15. Rde1 c5 16. c3 cxd4 17. Nxd4 Rac8 18. g4 Nc5 19. Qc2 f6 20. g5 fxg5 21. f3 Rf4 22. Kb1 Rxh4 23. Rxh4 gxh4 24. f4 Ne4 25. f5 exf5 26. Nxf5 Qxe5 27. Nxh4 Qg3 28. Rh1 Rf8 29. Qd1 Nf2 30. Qxd5+ Kh7 31. Ka2 Nxh1 32. Qe4+ g6 33. Qe7+ Kg8 34. Qe6+ Kg7 35. Qd7+ Rf7 36. Qd4+ Kh7 37. Qd5 Qf4 0-1

[Event "Budapest FS08 FM-A"]
[Site "Budapest"]
[Date "2006.08.08"]
[Round "4"]
[White "Szabo, Bence"]
[Black "Hoang, Tri"]
[Result "1-0"]
[WhiteElo "2040"]
[BlackElo "2147"]
[PlyCount "63"]
[EventDate "2006.08.05"]
[EventType "tourn"]
[EventRounds "13"]
[EventCountry "HUN"]
[SourceTitle "CBM 113 Extra"]
[Source "ChessBase"]
[SourceDate "2006.09.14"]
[SourceVersion "1"]
[SourceVersionDate "2006.09.14"]
[SourceQuality "1"]

1. e4 e5 2. Nf3 Nf6 3. d4 Nxe4 4. Bd3 d5 5. Nxe5 Nd7 6. Qe2 Nxe5 7. Bxe4 dxe4 8. Qxe4 Bd6 9. dxe5 0-0 10. 0-0 Re8 11. Bf4 f6 12. Nc3 Bxe5 13. Rad1 Qe7 14. Bxe5 fxe5 15. Nd5 Qf7 16. Ne3 c6 17. c4 Qf4 18. Qc2 Be6 19. Qc3 Rad8 20. b3 b6 21. c5 Bd5 22. Rd2 Re6 23. Rfd1 Rf6 24. Re2 bxc5 25. Nxd5 cxd5 26. Qxc5 Rfd6 27. Qxa7 d4 28. Qc5 e4 29. Qc4+ Kh8 30. Rde1 Re8 31. Rxe4 Rxe4 32. Qc8+ 1-0

[Event "Budapest FS08 FM-A"]
[Site "Budapest"]
[Date "2006.08.06"]
[Round "2"]
[White "Letay, Gyula"]
[Black "Hoang, Tri"]
[Result "0-1"]
[WhiteElo "2172"]
[BlackElo "2147"]
[PlyCount "80"]
[EventDate "2006.08.05"]
[EventType "tourn"]
[EventRounds "13"]
[EventCountry "HUN"]
[SourceTitle "CBM 113 Extra"]
[Source "ChessBase"]
[SourceDate "2006.09.14"]
[SourceVersion "1"]
[SourceVersionDate "2006.09.14"]
[SourceQuality "1"]

1. e4 e5 2. Nf3 Nf6 3. Nxe5 d6 4. Nxf7 Kxf7 5. Bc4+ d5 6. exd5 Bd6 7. d3 Bg4 8. f3 Re8+ 9. Kf2 Bd7 10. Nc3 Na6 11. a3 Nc5 12. b4 Na4 13. Nxa4 Bxa4 14. Bb2 Kf8 15. Qd2 Be5 16. d4 Bd6 17. Ba2 b5 18. g3 Qd7 19. Kg2 Qf5 20. c4 bxc4 21. Bxc4 Qc2 22. Qxc2 Bxc2 23. g4 Bg6 24. g5 Nh5 25. Bc1 Bf7 26. h4 c6 27. Bd3 Bxd5 28. Rf1 g6 29. b5 Kg7 30. bxc6 Bxc6 31. Bc4 Rab8 32. Rf2 Bg3 33. Rc2 Bxh4 34. Kh3 Bg3 35. d5 Ba4 36. Rd2 Be5 37. Raa2 Rbc8 38. Bb2 Rxc4 39. Bxe5+ Rxe5 40. d6 Rxg5 0-1

[Event "Budapest FS08 FM-A"]
[Site "Budapest"]
[Date "2006.08.05"]
[Round "1"]
[White "Hoang, Tri"]
[Black "Daamen, Ferry"]
[Result "1/2-1/2"]
[WhiteElo "2147"]
[BlackElo "2118"]
[PlyCount "104"]
[EventDate "2006.08.05"]
[EventType "tourn"]
[EventRounds "13"]
[EventCountry "HUN"]
[SourceTitle "CBM 113 Extra"]
[Source "ChessBase"]
[SourceDate "2006.09.14"]
[SourceVersion "1"]
[SourceVersionDate "2006.09.14"]
[SourceQuality "1"]

1. d4 Nf6 2. Bg5 d5 3. e3 Nbd7 4. c4 Ne4 5. Bh4 c6 6. Nf3 g6 7. Bd3 Bg7 8. Nc3 Ndf6 9. 0-0 0-0 10. Qc2 Nxc3 11. bxc3 b6 12. Ne5 Bb7 13. Rab1 Nd7 14. Nxd7 Qxd7 15. Rfd1 f5 16. a4 Ba6 17. Qb3 Bxc4 18. Bxc4 dxc4 19. Qxc4+ e6 20. Qa2 Rf7 21. c4 Rc8 22. c5 Rb8 23. Bg3 Rb7 24. cxb6 axb6 25. Rdc1 Bf8 26. Qc4 b5 27. axb5 cxb5 28. Qb3 Re7 29. f3 Re8 30. Rc2 Ra8 31. Ra2 Rxa2 32. Qxa2 Ra7 33. Qb2 b4 34. Be1 Ra4 35. Qb3 Qc6 36. Bd2 Ra3 37. Qb2 b3 38. Qc3 Qxc3 39. Bxc3 Kf7 40. Kf2 Bd6 41. h3 Ra2+ 42. Rb2 Ba3 43. Rxa2 bxa2 44. Ke2 Ke8 45. Kd3 Kd7 46. Kc2 Kc6 47. Kb3 Bc1 48. e4 fxe4 49. fxe4 Bd2 50. Bb2 Kb5 51. Ba1 Bf4 52. Bb2 Bg5 1/2-1/2